[Event "Kalamazoo (Swiss/3/3)"]
[Site "?"]
[Date "1996.??.??"]
[Round "?"]
[White "Post, Robert"]
[Black "Vander Horst, D."]
[Result "0-1"]
[WhiteElo "1680"]
[BlackElo "1605"]
[PlyCount "68"]
[EventDate "1996.??.??"]

{3/(3)} 1. Nf3 Nf6 2. d4 d5 3. c4 c6 4. Bg5 dxc4 5. e3 Ne4 6. Bf4 Qa5+ 7. Nfd2
c3 8. Nxc3 Nxc3 9. bxc3 Qxc3 10. Rc1 Qa5 11. Bc4 Bf5 12. O-O e6 13. Bb3 Ba3 14.
Nc4 Qa6 15. Nxa3 Qxa3 16. Qf3 O-O 17. e4 Bg6 18. h4 h6 19. Rc5 Nd7 20. Rc4 Qe7
21. h5 Bh7 22. e5 Nb6 23. Qg3 Kh8 24. Rc3 Rad8 25. Rd1 Rd7 26. Qe3 Nd5 27. Bxd5
Rxd5 28. g4 Rfd8 29. g5 c5 30. gxh6 cxd4 31. hxg7+ Kg8 32. Rxd4 Rxd4 33. Bg5
Rg4+ 34. Kf1 Qxg5 0-1

[Event "Kalamazoo (Mini-Swiss.1/2)"]
[Site "?"]
[Date "1996.??.??"]
[Round "?"]
[White "Post, Robert"]
[Black "Thornton, Rome"]
[Result "0-1"]
[WhiteElo "1605"]
[BlackElo "1630"]
[PlyCount "99"]
[EventDate "1996.??.??"]

{1/(2)} 1. d4 Nf6 2. Bg5 Ne4 3. Bf4 d5 4. f3 Nd6 5. Nc3 c6 6. e4 e6 7. Bd3 Qb6
8. Nge2 Qxb2 9. Rb1 Qa3 10. O-O Nd7 11. exd5 exd5 12. Qe1 Be7 13. Ng3 Kf8 14.
Rb3 Qa5 15. Qe3 Nf6 16. Re1 Qd8 17. Bxd6 Qxd6 18. Bf5 Nd7 19. Bh3 g6 20. Qh6+
Kg8 21. f4 b5 22. Nxb5 cxb5 23. Rbe3 Bf8 24. Re8 Bb7 25. Bxd7 Rxe8 26. Rxe8 Qb4
27. h3 Qe1+ 28. Rxe1 Bxh6 29. Re8+ Kg7 30. Rxh8 Kxh8 31. Bxb5 Bxf4 32. Ne2 Be3+
33. Kf1 Kg7 34. g3 f5 35. Kg2 Kf6 36. Kf3 Bd2 37. Bd3 h6 38. g4 Kg5 39. gxf5
gxf5 40. Bb5 h5 41. Bd7 h4 42. Be6 a5 43. Bd7 Ba6 44. Ng1 Bc4 45. a4 Bc3 46.
Kg2 Bb2 47. Nf3+ Kf4 48. Nxh4 Bxd4 49. Nxf5 Bf6 50. Nd6 {[Remainder lost in
time scramble.]} 0-1

[Event "Kalamazoo (MI Am/2/1)"]
[Site "?"]
[Date "1996.??.??"]
[Round "?"]
[White "Post, Robert"]
[Black "Robbins, Fred"]
[Result "0-1"]
[WhiteElo "1680"]
[BlackElo "1920"]
[PlyCount "100"]
[EventDate "1996.??.??"]

{2/(1)} 1. d4 Nf6 2. Bg5 e6 3. e4 Be7 4. Bxf6 Bxf6 5. Nf3 d6 6. Nc3 Nd7 7. Bd3
c5 8. Nb5 Qb6 9. dxc5 Nxc5 10. Nxd6+ Ke7 11. Nxc8+ Raxc8 12. e5 Nxd3+ 13. cxd3
Bxe5 14. Nxe5 Qa5+ 15. Qd2 Qxe5+ 16. Qe2 Qxe2+ 17. Kxe2 Rc2+ 18. Ke3 Rxb2 19.
Rhc1 Rd8 20. a4 Rb3 21. Rc7+ Rd7 22. Rxd7+ Kxd7 23. h4 Rc3 24. f4 Rc5 25. g4
Ra5 26. Rb1 Kc7 27. Rb4 Rc5 28. Ke4 a6 29. f5 exf5+ 30. gxf5 g6 31. fxg6 fxg6
32. Ke3 b5 33. a5 Rh5 34. Re4 Kd6 35. Rd4+ Rd5 36. Rf4 Re5+ 37. Kd2 Rf5 38.
Rd4+ Ke7 39. Re4+ Kd7 40. Rd4+ Kc6 41. Re4 Rf6 42. Re7 h5 43. Ra7 Kc5 44. Kc3
b4+ 45. Kb3 Kb5 46. Rb7+ Kxa5 47. Rxb4 Rb6 48. Rxb6 Kxb6 49. Kc4 Kc6 50. d4 a5
0-1

[Event "Kalamazoo (Swiss/2/4)"]
[Site "?"]
[Date "1996.??.??"]
[Round "?"]
[White "Post, Robert"]
[Black "Phillips, T."]
[Result "1/2-1/2"]
[WhiteElo "1680"]
[BlackElo "1605"]
[PlyCount "76"]
[EventDate "1996.??.??"]

{2/(4)} 1. d4 d5 2. e4 dxe4 3. Nc3 e5 4. Qh5 Qxd4 5. Be3 Nf6 6. Qg5 h6 7. Qg3
Qd7 8. Rd1 Qf5 9. Nb5 Na6 10. Be2 b6 11. f3 Nh5 12. Qh4 Be7 13. Qf2 Bb7 14. g4
Qf6 15. gxh5 exf3 16. Nxf3 c6 17. Nc3 Nb4 18. Bc4 Nxc2+ 19. Qxc2 Qxf3 20. Bxf7+
Qxf7 21. Rf1 Bh4+ 22. Bf2 O-O 23. Qe2 Bxf2+ 24. Rxf2 Qxf2+ 25. Qxf2 Rxf2 26.
Kxf2 Rf8+ 27. Ke3 c5 28. Rd7 Rf7 29. Rd8+ Kh7 30. Ne4 Rf4 31. Nd6 Bf3 32. Rd7
a5 33. Ne8 Bxh5 34. Nxg7 Rf7 35. Nxh5 Rxd7 36. Nf6+ Kg6 37. Nxd7 h5 38. Nxe5+
Kf5 1/2-1/2

[Event "Kalamazoo (MI Am/4/19)"]
[Site "?"]
[Date "1996.??.??"]
[Round "?"]
[White "Post, Robert"]
[Black "Pecot, Dave"]
[Result "0-1"]
[WhiteElo "1680"]
[BlackElo "1605"]
[PlyCount "94"]
[EventDate "1996.??.??"]

{4/(19)} 1. d4 e5 2. dxe5 d6 3. exd6 Bxd6 4. Nf3 Bf5 5. Nc3 Nc6 6. e4 Qe7 7.
Qe2 Bg6 8. Bg5 f6 9. Bh4 Bb4 10. e5 Bxc3+ 11. bxc3 Nxe5 12. Nxe5 Qxe5 13. Qxe5+
fxe5 14. O-O-O Nh6 15. Bc4 Nf5 16. Bg3 Nxg3 17. hxg3 Ke7 18. Rhe1 Rhe8 19.
Rxe5+ Kf6 20. Rxe8 Rxe8 21. Rd7 Re7 22. Rxe7 Kxe7 23. g4 Kf6 24. f4 Be4 25. g3
Bf3 26. g5+ Kf5 27. Kd2 Kg4 28. Be6+ Kxg3 29. f5 Bg4 30. Ke3 g6 31. Ke4 gxf5+
32. Bxf5 Bxf5+ 33. Kxf5 Kf3 34. Kf6 Kf4 35. g6 hxg6 36. Kxg6 Ke5 37. Kf7 Kd5
38. Ke7 b5 39. Kd7 Kc4 40. Kxc7 Kxc3 41. Kc6 Kc4 42. a3 a5 43. c3 a4 44. Kb6
Kxc3 45. Kxb5 Kb3 46. Kc5 Kxa3 47. Kc4 Kb2 0-1

[Event "Lansing (MOR/2/17)"]
[Site "?"]
[Date "1996.??.??"]
[Round "?"]
[White "Post, Robert"]
[Black "Oprean, G."]
[Result "1-0"]
[WhiteElo "1635"]
[BlackElo "1605"]
[PlyCount "47"]
[EventDate "1996.??.??"]

{2/(17)} 1. d4 d5 2. e4 c6 3. e5 e6 4. Nf3 c5 5. c3 c4 6. Be2 h6 7. O-O Ne7 8.
Na3 Bd7 9. b3 b5 10. bxc4 bxc4 11. Rb1 a6 12. Nd2 Nf5 13. g3 g6 14. Nf3 Be7 15.
Re1 h5 16. h3 h4 17. g4 Ng7 18. Kg2 g5 19. Qd2 f6 20. exf6 Bxf6 21. Nxg5 Bxg5
22. Qxg5 Qxg5 23. Bxg5 Ra7 24. Rxb8+ 1-0

[Event "Lansing (MOR/4/4)"]
[Site "?"]
[Date "1996.??.??"]
[Round "?"]
[White "Post, Robert"]
[Black "Morian, William"]
[Result "1/2-1/2"]
[WhiteElo "1635"]
[BlackElo "1605"]
[PlyCount "47"]
[EventDate "1996.??.??"]

{4/(4)} 1. d4 Nf6 2. Bg5 e6 3. e4 h6 4. Bxf6 Qxf6 5. e5 Qd8 6. Nf3 c5 7. c3
cxd4 8. cxd4 Qb6 9. Qd2 d6 10. Nc3 dxe5 11. Nxe5 Be7 12. Bb5+ Bd7 13. Bxd7+
Nxd7 14. Nxd7 Kxd7 15. O-O Rhd8 16. Rfe1 Ke8 17. Rad1 Kf8 18. d5 Rd7 19. Qe2
Rad8 20. a3 Bf6 21. dxe6 Qxe6 22. Rxd7 Rxd7 23. Ne4 Re7 24. Kf1 1/2-1/2

[Event "Lansing (MOR/7/5)"]
[Site "?"]
[Date "1996.??.??"]
[Round "?"]
[White "Post, Robert"]
[Black "Dunlap, Robert"]
[Result "1-0"]
[WhiteElo "1635"]
[BlackElo "1675"]
[PlyCount "47"]
[EventDate "1996.??.??"]

{7/(5)} 1. d4 e6 2. e4 d5 3. e5 c5 4. c3 f6 5. Qh5+ g6 6. Qf3 cxd4 7. cxd4 fxe5
8. dxe5 Bh6 9. Bxh6 Nxh6 10. Bd3 Rf8 11. Qh3 Qb6 12. Nf3 Qb4+ 13. Nbd2 Nf5 14.
Qxh7 Nc6 15. Qxg6+ Kd8 16. Bxf5 Ne7 17. Qh6 Nxf5 18. Qg5+ Ke8 19. O-O b6 20.
Nb3 Bb7 21. Rac1 Rf7 22. Qg6 Kf8 23. Ng5 Rg7 24. Nxe6+ 1-0

[Event "Kalamazoo (Swiss/5/8)"]
[Site "?"]
[Date "1996.??.??"]
[Round "?"]
[White "Post, Robert"]
[Black "Duff, I."]
[Result "1-0"]
[WhiteElo "1680"]
[BlackElo "1605"]
[PlyCount "120"]
[EventDate "1996.??.??"]

{5/(8)} 1. d4 d5 2. e4 Nf6 3. e5 Ng8 4. Nf3 f6 5. Bd3 Nc6 6. c3 b6 7. O-O Bb7
8. e6 Qd6 9. Re1 O-O-O 10. a4 g6 11. b4 a5 12. bxa5 Nxa5 13. Ba3 c5 14. dxc5
bxc5 15. Nd4 Bg7 16. Nb5 Qb6 17. Qc2 c4 18. Bf1 Nb3 19. Ra2 Nc5 20. Rb2 Bc6 21.
Nd6+ Rxd6 22. Rxb6 Bxa4 23. Qxa4 Nxa4 24. Rxd6 exd6 25. e7 Nxe7 26. Rxe7 Bf8
27. Re8+ Kd7 28. Ra8 Nb6 29. Ra7+ Kd8 30. Nd2 h5 31. Nf3 Rh6 32. Nd4 g5 33.
Ne6+ Ke8 34. Nxf8 Kxf8 35. Bxd6+ Ke8 36. Bc7 Nc8 37. Ra8 Kd7 38. Ba5 f5 39. g3
h4 40. gxh4 gxh4 41. Bg2 Rg6 42. h3 f4 43. Kf1 Rf6 44. Bxd5 Nb6 45. Bxb6 Rxb6
46. Bxc4 Rc6 47. Bb5 Kd6 48. Bxc6 Kxc6 49. Ke2 Kb7 50. Rd8 Kc7 51. Rd4 Kc6 52.
Kf3 Kc5 53. Kxf4 Kb5 54. Ke5 Kc6 55. f4 Kb6 56. f5 Kc6 57. f6 Kb5 58. f7 Kc6
59. f8=Q Kc7 60. Qd6+ Kb7 1-0

[Event "Detroit (Class DE/1/15)"]
[Site "?"]
[Date "1996.??.??"]
[Round "?"]
[White "Poniatowski, Don"]
[Black "Robinson, B."]
[Result "1-0"]
[WhiteElo "1605"]
[BlackElo "1605"]
[PlyCount "61"]
[EventDate "1996.??.??"]

{1/(15)} 1. e4 c5 2. c3 Nc6 3. d4 d5 4. exd5 Qxd5 5. Nf3 Bg4 6. Be2 cxd4 7.
cxd4 Bxf3 8. Bxf3 Qxd4 9. Bxc6+ bxc6 10. Qxd4 Nf6 11. O-O g6 12. Qc5 Rc8 13.
Re1 e6 14. Qxa7 Rd8 15. Bg5 Rd7 16. Qa8+ Ke7 17. Qxc6 Bg7 18. Nc3 Rhd8 19. Rad1
h6 20. Rxd7+ Rxd7 21. Nd5+ Kd8 22. Bxf6+ Bxf6 23. Nxf6 Rd4 24. Rc1 Ke7 25. Qc5+
Rd6 26. Qc7+ Kxf6 27. Qxd6 g5 28. Rc7 Kg6 29. f4 Kf6 30. Qe7+ Kg6 31. Qxf7# 1-0

[Event "Detroit (Class DE/3/13)"]
[Site "?"]
[Date "1996.??.??"]
[Round "?"]
[White "Poniatowski, Don"]
[Black "Raupp, Sarah"]
[Result "1/2-1/2"]
[WhiteElo "1605"]
[BlackElo "1605"]
[PlyCount "85"]
[EventDate "1996.??.??"]

{3/(13)} 1. e4 e6 2. d4 d5 3. Nd2 c5 4. exd5 exd5 5. Bb5+ Nc6 6. Qe2+ Be7 7.
dxc5 Nf6 8. Ngf3 O-O 9. Nb3 Re8 10. O-O Bxc5 11. Qd3 Bd6 12. Nbd4 Ne5 13. Nxe5
Rxe5 14. Bf4 Re4 15. Bxd6 Qxd6 16. f3 Rh4 17. g3 Rh3 18. f4 Ng4 19. Rae1 Bd7
20. Bxd7 Qxd7 21. Qf5 Qxf5 22. Nxf5 g6 23. Ne7+ Kg7 24. Nxd5 Rd8 25. Ne3 Nxe3
26. Rxe3 Rd2 27. Rf2 Rxh2 28. Kxh2 Rxf2+ 29. Kh3 Rxc2 30. Rb3 b6 31. a4 Rc1 32.
a5 bxa5 33. Rb7 Rb1 34. Rxa7 Rxb2 35. Rxa5 Rb8 36. Ra7 Rh8 37. Ra3 f5 38. Ra6
Re8 39. Ra7+ Kh6 40. Ra6 Re3 41. Ra7 Re8 42. Rb7 Rg8 43. Rb6 1/2-1/2

[Event "Flint (MI Senior/3/8)"]
[Site "?"]
[Date "1996.??.??"]
[Round "?"]
[White "Poniatowski, Don"]
[Black "Iyer, Krishnan"]
[Result "0-1"]
[WhiteElo "1605"]
[BlackElo "1605"]
[PlyCount "74"]
[EventDate "1996.??.??"]

{3/(8)} 1. e4 c5 2. c3 Nc6 3. d4 cxd4 4. cxd4 d5 5. exd5 Qxd5 6. Nf3 Bg4 7. Be3
Bxf3 8. Qxf3 Qxf3 9. gxf3 O-O-O 10. Bh3+ Kb8 11. O-O Nxd4 12. Bxd4 Rxd4 13. Nc3
e6 14. Rfd1 Rxd1+ 15. Rxd1 Be7 16. f4 Nf6 17. Bg2 Rd8 18. Rc1 a6 19. Na4 Nd5
20. f5 Nf4 21. Bf3 exf5 22. Rc4 g5 23. Kf1 b5 24. Rc6 g4 25. Rb6+ Kc7 26. Rb7+
Kd6 27. Rb6+ Ke5 28. Rb7 gxf3 29. Rxe7+ Kf6 30. Re1 bxa4 31. Rc1 Rd2 32. b3
axb3 33. axb3 Rxf2+ 34. Kxf2 Nd3+ 35. Ke3 Nxc1 36. b4 f2 37. Kxf2 Nd3+ 0-1

[Event "Flint (MI Ch Spon/1)"]
[Site "?"]
[Date "1996.??.??"]
[Round "?"]
[White "Poniatowski, Don"]
[Black "Durkee, David"]
[Result "1-0"]
[WhiteElo "1605"]
[BlackElo "1775"]
[PlyCount "65"]
[EventDate "1996.??.??"]

1. e4 c5 2. c3 Nc6 3. Nf3 d6 4. d4 cxd4 5. cxd4 Nf6 6. Nc3 g6 7. Bb5 a6 8.
Bxc6+ bxc6 9. O-O Bg7 10. h3 O-O 11. Re1 Bb7 12. Bf4 Nd7 13. Qd2 e5 14. Bh6
exd4 15. Bxg7 Kxg7 16. Qxd4+ Ne5 17. Nxe5 dxe5 18. Qxe5+ Kg8 19. Rad1 Qb6 20.
Rd2 Rfe8 21. Qf4 Rad8 22. Red1 c5 23. Rxd8 Rxd8 24. Rxd8+ Qxd8 25. Qe5 c4 26.
Nd5 Bxd5 27. exd5 h5 28. Qd4 Qb8 29. d6 a5 30. d7 Qd8 31. Kf1 Kf8 32. Qd6+ Kg7
33. Ke2 1-0

[Event "Flint (MI Senior/1/11)"]
[Site "?"]
[Date "1996.??.??"]
[Round "?"]
[White "Poniatowski, Don"]
[Black "Carr, J."]
[Result "1-0"]
[WhiteElo "1605"]
[BlackElo "1715"]
[PlyCount "113"]
[EventDate "1996.??.??"]

{1/(11)} 1. e4 c5 2. c3 Nf6 3. e5 Nd5 4. d4 e6 5. Nf3 Be7 6. Bc4 Nc6 7. O-O O-O
8. Re1 Qc7 9. Bxd5 exd5 10. Bg5 Bxg5 11. Nxg5 h6 12. Nf3 Ne7 13. Qd2 d6 14. h3
Be6 15. Na3 a6 16. Nc2 Ng6 17. exd6 Qxd6 18. dxc5 Qxc5 19. Ncd4 Rfe8 20. Re2
Re7 21. Rae1 Rae8 22. Nxe6 fxe6 23. Ne5 Nf8 24. Qd4 Qxd4 25. cxd4 Rc7 26. f4
Rec8 27. g4 g6 28. h4 Rc1 29. Rxc1 Rxc1+ 30. Kg2 Kg7 31. Kg3 Kf6 32. g5+ hxg5
33. fxg5+ Ke7 34. Rf2 Rd1 35. Rf7+ Ke8 36. Rf6 Rxd4 37. Nxg6 Nxg6 38. Rxg6 Kf7
39. Rf6+ Ke7 40. h5 Rd3+ 41. Kg4 Rd1 42. h6 Rg1+ 43. Kh5 d4 44. h7 Rh1+ 45. Kg6
d3 46. Rf2 e5 47. Kg7 e4 48. Rd2 Ke6 49. g6 Kf5 50. Rf2+ Kg5 51. Rg2+ Kf4 52.
h8=Q Rxh8 53. Kxh8 e3 54. g7 e2 55. g8=Q e1=Q 56. Qf8+ Ke3 57. Qe8+ 1-0

[Event "Flint (MI Ch Spon/4)"]
[Site "?"]
[Date "1996.??.??"]
[Round "?"]
[White "Poniatowski, Don"]
[Black "Burnham, S."]
[Result "1-0"]
[WhiteElo "1605"]
[BlackElo "1605"]
[PlyCount "143"]
[EventDate "1996.??.??"]

1. e4 e5 2. Nf3 Nc6 3. Bc4 Nf6 4. Ng5 d5 5. exd5 Nxd5 6. Nxf7 Kxf7 7. Qf3+ Ke8
8. Bxd5 Qf6 9. Bxc6+ Qxc6 10. Qxc6+ bxc6 11. O-O Bd6 12. d3 Rb8 13. Re1 Be6 14.
Nc3 Bd5 15. d4 Kd7 16. Nxd5 cxd5 17. dxe5 Be7 18. b3 Rhf8 19. Bb2 Ke6 20. Rad1
Bc5 21. Bd4 Rb5 22. Bxc5 Rxc5 23. Rd2 Rf5 24. Rde2 d4 25. g3 g5 26. Kg2 h6 27.
g4 Rfxe5 28. Rxe5+ Rxe5 29. Rxe5+ Kxe5 30. Kf3 c6 31. a4 c5 32. a5 a6 33. h3
Kd5 34. Ke2 Ke4 35. f3+ Ke5 36. Kd3 Kd5 37. c3 dxc3 38. Kxc3 Kc6 39. Kc4 Kd6
40. b4 cxb4 41. Kxb4 Kc6 42. Kc4 Kd6 43. Kd4 Kc6 44. Ke4 Kb5 45. f4 gxf4 46.
Kxf4 Kxa5 47. g5 hxg5+ 48. Kxg5 Kb4 49. h4 a5 50. h5 a4 51. h6 a3 52. h7 a2 53.
h8=Q Kb3 54. Qa1 Ka3 55. Kf4 Kb3 56. Ke3 Ka3 57. Kd2 Kb3 58. Kc1 Ka3 59. Qb2+
Ka4 60. Qxa2+ Kb4 61. Qc2 Kb5 62. Kb2 Kb4 63. Qc3+ Kb5 64. Kb3 Kb6 65. Kb4 Ka6
66. Qc6+ Ka7 67. Qc7+ Ka6 68. Qc5 Kb7 69. Kb5 Ka8 70. Kc6 Kb8 71. Qb6+ Kc8 72.
Qc7# 1-0

[Event "Howell (US Am N/5/51)"]
[Site "?"]
[Date "1996.??.??"]
[Round "?"]
[White "Pollins, M."]
[Black "Goerke, Daniel"]
[Result "0-1"]
[WhiteElo "1605"]
[BlackElo "1605"]
[PlyCount "46"]
[EventDate "1996.??.??"]

{5/(51)} 1. d4 Nc6 2. Nf3 e6 3. g3 Qf6 4. Be3 d6 5. Nc3 e5 6. Bg2 exd4 7. Nxd4
Nxd4 8. Bxd4 Qd8 9. O-O Nf6 10. e4 Be7 11. Qe2 Bd7 12. e5 dxe5 13. Bxe5 O-O 14.
Bxb7 Rb8 15. Ba6 Rxb2 16. Rab1 Rxb1 17. Rxb1 Bc6 18. Rd1 Qb8 19. Bd3 Qb7 20.
Rd2 Bh1 21. Qf1 Nd5 22. Kxh1 Ne3+ 23. Qg2 Qxg2# 0-1

[Event "Howell (US Am N/3/53)"]
[Site "?"]
[Date "1996.??.??"]
[Round "?"]
[White "Pollins, M."]
[Black "Crysler, Jerry"]
[Result "0-1"]
[WhiteElo "1605"]
[BlackElo "1605"]
[PlyCount "124"]
[EventDate "1996.??.??"]

{3/(53)} 1. e4 Nc6 2. Nf3 d6 3. Bb5 Bd7 4. d3 a6 5. Bc4 e6 6. Nc3 Na5 7. e5
Nxc4 8. dxc4 dxe5 9. Nxe5 Bd6 10. Nxd7 Qxd7 11. c5 Bxc5 12. Qxd7+ Kxd7 13. O-O
Nf6 14. Rd1+ Ke7 15. Re1 Ng4 16. Ne4 Ba7 17. h3 Nh6 18. b3 Nf5 19. Ba3+ Ke8 20.
Rad1 Rd8 21. Rxd8+ Kxd8 22. Rd1+ Kc8 23. g4 Nh6 24. Bb2 f6 25. g5 Nf5 26. gxf6
gxf6 27. Bxf6 Rg8+ 28. Kf1 Rf8 29. a4 Nd6 30. Be7 Rf3 31. Nxd6+ cxd6 32. Bxd6
Rxf2+ 33. Ke1 Rxc2 34. Be7 Rc3 35. Rd8+ Kc7 36. Ra8 Bc5 37. Bxc5 Rxc5 38. h4
Rh5 39. b4 Rxh4 40. Rh8 e5 41. Kd2 Kb6 42. Re8 Rxb4 43. Re6+ Ka5 44. Rxe5+ Kxa4
45. Re7 h5 46. Rh7 h4 47. Kc3 Ka3 48. Kd2 a5 49. Kc3 h3 50. Kc2 h2 51. Kd1
h1=Q+ 52. Rxh1 Rb1+ 53. Kc2 Rxh1 54. Kc3 Rh4 55. Kd3 b5 56. Ke3 b4 57. Kd2 b3
58. Kc1 b2+ 59. Kb1 Rh1+ 60. Kc2 b1=Q+ 61. Kc3 Qb4+ 62. Kd3 Rh3+ 0-1

[Event "Ann Arbor (Mini-Swiss/3/4)"]
[Site "?"]
[Date "1996.??.??"]
[Round "?"]
[White "Poenisch, Volker"]
[Black "Santiago, Reynaldo"]
[Result "1-0"]
[WhiteElo "1940"]
[BlackElo "1940"]
[PlyCount "45"]
[EventDate "1996.??.??"]

{3/(4)} 1. d4 Nf6 2. c4 c5 3. d5 e6 4. Nc3 exd5 5. cxd5 d6 6. Nf3 g6 7. Bf4 a6
8. a4 Bg7 9. Nd2 O-O 10. Nc4 Ne8 11. e4 f5 12. e5 g5 13. Bxg5 Qxg5 14. Nb6 Bxe5
15. Nxa8 Nf6 16. h4 Re8 17. Be2 Qxg2 18. Kd2 Kh8 19. Nb6 Qxf2 20. Qf1 Bf4+ 21.
Kc2 Qe3 22. Nc4 Qg3 23. Rh3 1-0

[Event "Ann Arbor (Mini-Swiss/1/4)"]
[Site "?"]
[Date "1996.??.??"]
[Round "?"]
[White "Poenisch, Volker"]
[Black "Rosenberg, Steve"]
[Result "1/2-1/2"]
[WhiteElo "1940"]
[BlackElo "1745"]
[PlyCount "98"]
[EventDate "1996.??.??"]

{1/(4)} 1. d4 Nf6 2. c4 e5 3. dxe5 Ng4 4. Nf3 d6 5. Bf4 dxe5 6. Qxd8+ Kxd8 7.
Nxe5 Nxe5 8. Bxe5 Nc6 9. Bc3 Bb4 10. e3 Bf5 11. a3 Bxb1 12. axb4 Be4 13. f3 Bf5
14. b5 Nb8 15. Bxg7 Rg8 16. Bf6+ Kd7 17. e4 Ke6 18. Bd4 Bg6 19. Kf2 Nd7 20. Be2
f6 21. Ra2 Rgd8 22. Be3 f5 23. exf5+ Bxf5 24. Rd1 Kf7 25. Rd4 Nf6 26. Ra1 Rab8
27. Bg5 Rd7 28. Rad1 Re7 29. b3 Rbe8 30. Bd3 Bxd3 31. R1xd3 Re2+ 32. Kg3 Rg8
33. Kf4 Nh5+ 34. Kg4 Rxg2+ 35. Kxh5 R8xg5+ 36. Kh4 Rg6 37. Kh3 Rg1 38. Rg4 Rf1
39. Rf4+ Ke6 40. Rd8 Rb1 41. Re8+ Kd6 42. Re3 Rb2 43. b4 Rh6+ 44. Kg3 Rg6+ 45.
Rg4 Rxg4+ 46. fxg4 Rxb4 47. Kf4 Kc5 48. Re4 Kb6 49. c5+ Kxc5 1/2-1/2

[Event "Howell (US Am N/2/13)"]
[Site "?"]
[Date "1996.??.??"]
[Round "?"]
[White "Poenisch, Volker"]
[Black "Pagel, R."]
[Result "1-0"]
[WhiteElo "1970"]
[BlackElo "1705"]
[PlyCount "107"]
[EventDate "1996.??.??"]

{2/(13)} 1. d4 d5 2. c4 e5 3. dxe5 d4 4. Nf3 Nc6 5. g3 Bf5 6. a3 Nge7 7. Bg2
Ng6 8. O-O Ngxe5 9. Nxe5 Nxe5 10. Bxb7 Rb8 11. Bg2 Qd7 12. Nd2 Be7 13. Nf3
Nxf3+ 14. Bxf3 O-O 15. b4 Bf6 16. Ra2 Rfd8 17. Rd2 Bg5 18. e3 d3 19. Bb2 Rb6
20. Bd4 Ra6 21. Qa1 Bf6 22. Bxf6 Rxf6 23. Re1 Be6 24. Bd5 c6 25. Bxe6 Qxe6 26.
Qc3 Qe4 27. b5 Rfd6 28. c5 R6d7 29. b6 axb6 30. cxb6 Qa4 31. Rb1 Qa6 32. Qxc6
Rb7 33. a4 Rdb8 34. Qb5 Qxb6 35. Qxb6 Rxb6 36. Rxb6 Rxb6 37. Rxd3 Kf8 38. Ra3
Ke7 39. a5 Ra6 40. Kg2 f5 41. Kf3 g5 42. g4 Ke6 43. gxf5+ Kxf5 44. e4+ Ke5 45.
Ke3 h5 46. Ra4 g4 47. Ra2 h4 48. Ra4 Rf6 49. a6 Rf3+ 50. Ke2 Rf8 51. a7 Ra8 52.
Ke3 g3 53. fxg3 hxg3 54. hxg3 1-0

[Event "Howell (US Am N/6/14)"]
[Site "?"]
[Date "1996.??.??"]
[Round "?"]
[White "Poenisch, Volker"]
[Black "Moore, Robert"]
[Result "1/2-1/2"]
[WhiteElo "1970"]
[BlackElo "1700"]
[PlyCount "68"]
[EventDate "1996.??.??"]

{6/(14)} 1. d4 g6 2. c4 Bg7 3. Nc3 d6 4. e4 e5 5. d5 Ne7 6. Be3 f5 7. f3 O-O 8.
Qd2 Nd7 9. O-O-O Nf6 10. Bd3 c5 11. Nge2 a6 12. exf5 Nxf5 13. Bxf5 Bxf5 14. Ng3
Qd7 15. Nce4 Bxe4 16. Nxe4 b5 17. Ng5 bxc4 18. Ne6 Rfb8 19. Bh6 Bxh6 20. Qxh6
Nxd5 21. Qd2 Qxe6 22. Qxd5 Qxd5 23. Rxd5 Rb6 24. Rhd1 Rc8 25. Rxd6 Rcc6 26.
R6d5 e4 27. fxe4 Re6 28. Rxc5 Rxe4 29. Rc7 Rb8 30. Rdd7 Re2 31. Rg7+ Kh8 32.
Rxh7+ Kg8 33. Rcg7+ Kf8 34. Ra7 Kg8 1/2-1/2

[Event "Howell (US Am N/4/12)"]
[Site "?"]
[Date "1996.??.??"]
[Round "?"]
[White "Poenisch, Volker"]
[Black "Grzegorczyk, Ron"]
[Result "1/2-1/2"]
[WhiteElo "1975"]
[BlackElo "1655"]
[PlyCount "154"]
[EventDate "1996.??.??"]

{4/(12)} 1. d4 d5 2. c4 c6 3. Nf3 e6 4. Nc3 Nf6 5. e3 Be7 6. Bd3 Nbd7 7. e4
dxe4 8. Nxe4 Nxe4 9. Bxe4 Bb4+ 10. Bd2 Qa5 11. O-O Bxd2 12. Qxd2 Qxd2 13. Nxd2
Nf6 14. Rfe1 Bd7 15. c5 O-O 16. Nc4 Rab8 17. Rad1 Rfd8 18. Bf3 Ne8 19. Re3 Nc7
20. a4 b6 21. Ne5 Nd5 22. Bxd5 exd5 23. Rde1 Be8 24. Nd3 Kf8 25. b3 f6 26. h3
Bg6 27. Nf4 Bf7 28. Nd3 Re8 29. b4 Rxe3 30. Rxe3 bxc5 31. bxc5 Rb1+ 32. Re1 Rb3
33. Re3 Bg6 34. Nf4 Rb1+ 35. Kh2 Rb4 36. Ne6+ Kg8 37. Nd8 Rxd4 38. Nxc6 Rxa4
39. Ne7+ Kf7 40. Nxd5 Ra5 41. Re7+ Kf8 42. Rc7 Ra2 43. Rc8+ Kf7 44. Rc7+ Ke6
45. Nf4+ Kf5 46. Kg3 Ra3+ 47. f3 Ra4 48. Nd3 Rd4 49. Nf2 a5 50. Rxg7 a4 51. Ra7
Ke5 52. c6 Rc4 53. c7 Bc2 54. Ng4+ Ke6 55. Ne3 Rc6 56. Nxc2 Rxc2 57. Rxa4 Rxc7
58. Kf4 Kf7 59. g4 Kg6 60. Ra5 Rc4+ 61. Kg3 h6 62. h4 Rc7 63. Rd5 Rb7 64. h5+
Kf7 65. Kf4 Rb4+ 66. Kf5 Rc4 67. Ra5 Rc7 68. Rb5 Re7 69. Rc5 Ra7 70. Rd5 Re7
71. f4 Ra7 72. g5 fxg5 73. fxg5 hxg5 74. Kxg5 Kg8 75. Rd6 Kh7 76. Rh6+ Kg7 77.
Rg6+ Kh7 1/2-1/2

[Event "Detroit (Class A/4/1)"]
[Site "?"]
[Date "1996.??.??"]
[Round "?"]
[White "Poenisch, Volker"]
[Black "Gaiefsky, Mike"]
[Result "1/2-1/2"]
[WhiteElo "1940"]
[BlackElo "1840"]
[PlyCount "50"]
[EventDate "1996.??.??"]

{4/(1)} 1. d4 d5 2. c4 c6 3. Nf3 Nf6 4. cxd5 cxd5 5. Nc3 Nc6 6. Bf4 a6 7. e3
Bg4 8. h3 Bh5 9. Bd3 e6 10. Rc1 Bd6 11. g4 Bxf4 12. exf4 Nxg4 13. Qa4 Nf6 14.
Ne5 Rc8 15. Ne2 Qd6 16. Bxa6 O-O 17. Bxb7 Nxe5 18. Rxc8 Nd3+ 19. Kf1 Bxe2+ 20.
Kxe2 Nxf4+ 21. Ke3 Rxc8 22. Bxc8 Ng2+ 23. Kd2 Qf4+ 24. Kd3 Qf3+ 25. Kc2 Ne3+
1/2-1/2

[Event "Detroit (Class A/2/3)"]
[Site "?"]
[Date "1996.??.??"]
[Round "?"]
[White "Poenisch, Volker"]
[Black "Conlon, Russell"]
[Result "1-0"]
[WhiteElo "1940"]
[BlackElo "1875"]
[PlyCount "55"]
[EventDate "1996.??.??"]

{2/(3)} 1. d4 d6 2. c4 e5 3. d5 f5 4. Nc3 Nf6 5. e4 fxe4 6. f3 exf3 7. Nxf3 Bf5
8. Bd3 Bxd3 9. Qxd3 Nbd7 10. Be3 Be7 11. Ng5 Nf8 12. Rf1 Qd7 13. O-O-O a6 14.
c5 dxc5 15. Nce4 Qb5 16. Qc2 h6 17. Nxf6+ gxf6 18. Ne6 Nxe6 19. Qg6+ Kd8 20.
dxe6+ Kc8 21. Rxf6 Bxf6 22. Qxf6 Re8 23. e7 Kb8 24. Qxe5 b6 25. Bxh6 Kb7 26.
Bg5 Qa4 27. Qd5+ Qc6 28. h4 1-0

[Event "Kalamazoo (Swiss/3/6)"]
[Site "?"]
[Date "1996.??.??"]
[Round "?"]
[White "Pleasant, Andrew"]
[Black "Schulte, Michael"]
[Result "0-1"]
[WhiteElo "1605"]
[BlackElo "1605"]
[PlyCount "65"]
[EventDate "1996.??.??"]

{3/(6)} 1. e4 e5 2. Nf3 d6 3. g3 f5 4. exf5 Bxf5 5. Bg2 Nc6 6. O-O Qd7 7. Nc3
O-O-O 8. d3 Nf6 9. Bg5 h6 10. Bxf6 gxf6 11. Nd5 Bg7 12. Ne3 Bh3 13. Nd2 h5 14.
Qf3 Bxg2 15. Kxg2 Nd4 16. Qd1 h4 17. c3 hxg3 18. Qg4 Qxg4 19. Nxg4 f5 20. cxd4
fxg4 21. dxe5 gxh2 22. Kh1 Bxe5 23. Rab1 Rdf8 24. Nc4 Bd4 25. Ne3 g3 26. Ng2
Rxf2 27. Rxf2 gxf2 28. b3 Kd7 29. Nf4 Rf8 30. Kxh2 Rxf4 31. Kg2 Rg4+ 32. Kh1
Rg1+ 33. Rxg1 0-1

[Event "Kalamazoo (Swiss/4/9)"]
[Site "?"]
[Date "1996.??.??"]
[Round "?"]
[White "Pleasant, Andrew"]
[Black "Nolan, Matthew"]
[Result "1-0"]
[WhiteElo "1605"]
[BlackElo "1605"]
[PlyCount "79"]
[EventDate "1996.??.??"]

{4/(9)} 1. e4 c5 2. Nf3 d6 3. d4 cxd4 4. Qxd4 Nc6 5. Bb5 Qc7 6. O-O Bd7 7. Bxc6
Bxc6 8. Nc3 Nf6 9. Bg5 e5 10. Qd2 Nxe4 11. Nxe4 Bxe4 12. Rfe1 Bc6 13. b3 f6 14.
Be3 a6 15. c4 Qd7 16. Rac1 Be7 17. c5 dxc5 18. Qxd7+ Bxd7 19. Bxc5 Bxc5 20.
Rxc5 Rc8 21. Rec1 Rxc5 22. Rxc5 O-O 23. Rc7 Rc8 24. Rxc8+ Bxc8 25. a3 b5 26. b4
Kf7 27. h4 Ke6 28. g3 Kf5 29. Nd2 Kg4 30. Ne4 h6 31. Nd6 Bd7 32. Ne4 Bc6 33.
Nc5 g5 34. hxg5 hxg5 35. Nxa6 f5 36. Nc5 f4 37. gxf4 exf4 38. Kf1 Kf3 39. Ne6
g4 40. Ng5# 1-0

[Event "Flint (MI Jr/2/18)"]
[Site "?"]
[Date "1996.??.??"]
[Round "?"]
[White "Pleasant, Andrew"]
[Black "McKnight, Rusty"]
[Result "0-1"]
[WhiteElo "1605"]
[BlackElo "1605"]
[PlyCount "105"]
[EventDate "1996.??.??"]

{2/(18)} 1. e4 e5 2. Nc3 Nf6 3. Nf3 d6 4. Be2 Be7 5. O-O c6 6. d3 d5 7. Nxe5 d4
8. Nb1 Bd6 9. Ng4 Qe7 10. c3 c5 11. e5 Bxg4 12. exf6 Bxe2 13. fxe7 Bxd1 14.
Rxd1 Bxe7 15. Re1 Nc6 16. Bf4 O-O 17. Nd2 Bf6 18. c4 Nb4 19. Re2 Nxd3 20. Bd6
Rfe8 21. Rxe8+ Rxe8 22. Kf1 b6 23. b3 Be5 24. Bxe5 Rxe5 25. Rd1 Re7 26. Nf3 Ne5
27. Re1 f6 28. Nxe5 Rxe5 29. g3 Rxe1+ 30. Kxe1 Kf7 31. f4 Ke6 32. Kf2 g5 33.
fxg5 fxg5 34. Kf3 Ke5 35. g4 h6 36. h3 a6 37. a3 a5 38. a4 d3 39. Ke3 d2 40.
Kxd2 Kf4 41. Ke2 Kg3 42. Ke3 Kxh3 43. Kf3 Kh4 44. Kg2 Kxg4 45. Kf2 h5 46. Kg2
h4 47. Kh2 h3 48. Kg1 Kg3 49. Kh1 g4 50. Kg1 h2+ 51. Kh1 Kh3 52. b4 g3 53. bxc5
0-1